Chutes and Ladders II Quiz Stats

Quiz Updated Mar 2, 2016

Also try: Chutes and Ladders
Challenge
Share
Tweet
Embed
Score 0/155 Timer 05:00
0 Plays Today
% Correct
█████████████████
98.6%
█████████████████
98.6%
◄yard tool◄
98.1%
◊ SHOE ◊
98.1%
▲gun blast▲
98.1%
►yard tools►
98.1%
█████████████████
92.8%
█████████████████
92.3%
█████████████████
92.2%
█████████████████
92.1%
▲smudge▲
90.9%
SHOT
90.9%
█████████████████
87.7%
HOES
85.3%
▲enemies▲
85.3%
FOES
81.2%
█████████████████
81.1%
█████████████████
80.8%
█████████████████
73.9%
█████████████████
73.8%
█████████████████
73.4%
█████████████████
72.8%
▲fragrant flower▲
72.8%
HOSE
72.8%
█████████████████
72.4%
STOP
72.3%
▲part of a staircase▲
72.3%
ROSE
72.1%
▲___ Hashanah▲
72.1%
SPOT
72%
►halt►
72%
█████████████████
70.7%
█████████████████
70.7%
◄pain in the neck◄
70.5%
STEP
70.5%
ROSH
66.5%
▲kid around▲
66.5%
█████████████████
63.6%
█████████████████
63.5%
█████████████████
63.5%
◄change for a 20◄
63.3%
►shipped off►
63.3%
NEST
63.3%
PEST
63.2%
▲bird's home▲
63.2%
█████████████████
63.2%
█████████████████
62.9%
TENS
62.6%
▲part of the eye▲
62.6%
JOSH
62.1%
█████████████████
61.9%
LENS
61.8%
% Correct
▲flower necklaces▲
61.8%
█████████████████
61.7%
█████████████████
61.4%
▲chair or sofa▲
59.5%
SENT
59.5%
█████████████████
58.3%
█████████████████
58.2%
►tropical spot►
57.7%
LEIS
57.7%
█████████████████
56.6%
◄sunrise direction◄
55.7%
SEAT
55.7%
▲actress Fisher▲
55.7%
ISLE
55.7%
►fibs►
55.7%
█████████████████
55.4%
▲kissers▲
55.4%
LIES
55.4%
█████████████████
55.3%
EAST
54.6%
█████████████████
54.4%
█████████████████
54.2%
█████████████████
54%
█████████████████
53.9%
█████████████████
53.9%
█████████████████
53.8%
█████████████████
53.7%
█████████████████
53.5%
▲pool regimen▲
51.9%
LIPS
51.9%
█████████████████
50.1%
█████████████████
50%
◄travel by yacht◄
49.9%
ISLA
49.9%
█████████████████
49.9%
█████████████████
49.8%
SAIL
49.8%
▲finger's end▲
49.8%
NAIL
49.7%
▲NASA's Armstrong▲
49.7%
►queue►
49.6%
NEIL
49.6%
▲web page feature▲
49.1%
LINE
49.1%
█████████████████
48.3%
◄Swiss peaks◄
47.4%
▲siestas▲
47.4%
LAPS
47.4%
▲back of the neck▲
46.5%
NAPS
46.5%
ALPS
46.4%
NAPE
45%
% Correct
█████████████████
40.7%
◄potter's oven◄
40.4%
▲plummet▲
40.4%
LINK
40.4%
█████████████████
40%
█████████████████
39.9%
█████████████████
39.8%
█████████████████
39.7%
█████████████████
39.5%
◄dyes for tattooing◄
39.4%
SINK
39.4%
►scrape, as a knee►
39.4%
█████████████████
38.8%
█████████████████
38.6%
INKS
38.4%
▲rubs the wrong way▲
38.4%
█████████████████
38.3%
█████████████████
38.1%
█████████████████
38%
█████████████████
37.7%
KILN
37.5%
►take a chance►
36.8%
▲washer cycle▲
36.8%
SKIN
36.8%
IRKS
36.8%
▲boats like Noah's▲
36.8%
ARKS
36.5%
▲hug givers▲
36.5%
█████████████████
36.2%
RISE
36.1%
█████████████████
36%
█████████████████
36%
▲get higher▲
35.2%
RISK
35.2%
SPIN
35.1%
▲rotisserie rod▲
35.1%
█████████████████
34.2%
ARMS
34.2%
▲narrow cut▲
32.4%
SPIT
32.4%
WARNING: SOLVING
31.7%
█████████████████
31.7%
█████████████████
31.7%
END THE GAME!
31.6%
█████████████████
31.7%
THIS FINAL CLUE WILL
31.6%
SHOW ALL ANSWERS
31.6%
AND AUTOMATICALLY
31.6%
◄aid to Santa◄
31.6%
SLIT
31.6%
◊ LIST ◊
27.4%

You're not logged in!

Compare scores with friends on all Sporcle quizzes.
Sign Up with Email
OR
Log In

You Might Also Like...

Show Comments

Extras

Top Quizzes Today


Score Distribution

Your Account Isn't Verified!

In order to create a playlist on Sporcle, you need to verify the email address you used during registration. Go to your Sporcle Settings to finish the process.